[Event "V4Liptov2018"]
[Site "?"]
[Date "2018.06.24"]
[Round "3.1"]
[White "Szczurek, Krzysztof"]
[Black "Sandor, Martin"]
[Result "1/2-1/2"]
[BlackElo "1984"]
[WhiteElo "2075"]
[LiveChessVersion "1.4.8"]

1. e4 {[%clk 1:00:57]} c5 {[%clk 1:00:47]} 2. c3 {[%clk 1:01:21]} Nf6
{[%clk 1:01:11]} 3. e5 {[%clk 1:01:44]} Nd5 {[%clk 1:01:35]} 4. d4
{[%clk 1:02:05]} cxd4 {[%clk 1:01:51]} 5. cxd4 {[%clk 1:02:06]} Nc6
{[%clk 1:01:36]} 6. Nf3 {[%clk 1:02:01]} d6 {[%clk 1:02:00]} 7. exd6
{[%clk 1:00:59]} Qxd6 {[%clk 1:01:56]} 8. Nc3 {[%clk 1:01:18]} Bf5
{[%clk 0:57:24]} 9. a3 {[%clk 0:57:53]} a6 {[%clk 0:55:18]} 10. Be2
{[%clk 0:56:42]} e6 {[%clk 0:53:10]} 11. O-O {[%clk 0:51:59]} Be7
{[%clk 0:52:27]} 12. Qb3 {[%clk 0:46:50]} O-O {[%clk 0:48:35]} 13. Nxd5
{[%clk 0:45:56]} exd5 {[%clk 0:48:56]} 14. Be3 {[%clk 0:46:03]} b5
{[%clk 0:46:18]} 15. Qa2 {[%clk 0:39:55]} Rfc8 {[%clk 0:43:07]} 16. b4
{[%clk 0:37:58]} Nb8 {[%clk 0:36:06]} 17. Rfc1 {[%clk 0:34:43]} Nd7
{[%clk 0:36:02]} 18. Rxc8+ {[%clk 0:34:05]} Rxc8 {[%clk 0:36:22]} 19. Ne1
{[%clk 0:33:23]} Nb6 {[%clk 0:30:38]} 20. Bd3 {[%clk 0:33:12]} Qg6
{[%clk 0:30:09]} 21. Bf1 {[%clk 0:28:14]} Bd6 {[%clk 0:22:52]} 22. Nf3
{[%clk 0:23:56]} Bd3 {[%clk 0:18:32]} 23. Re1 {[%clk 0:16:25]} Bxf1
{[%clk 0:18:34]} 24. Rxf1 {[%clk 0:16:34]} Qd3 {[%clk 0:15:17]} 25. Re1
{[%clk 0:11:39]} Nc4 {[%clk 0:13:51]} 26. Bc1 {[%clk 0:11:22]} h6
{[%clk 0:09:02]} 27. h3 {[%clk 0:11:14]} Kf8 {[%clk 0:06:59]} 28. Qe2
{[%clk 0:09:30]} Qxe2 {[%clk 0:07:10]} 29. Rxe2 {[%clk 0:09:55]} Re8
{[%clk 0:06:59]} 30. Rxe8+ {[%clk 0:09:22]} Kxe8 {[%clk 0:07:24]} 31. Kf1
{[%clk 0:09:46]} Kd7 {[%clk 0:06:28]} 32. Ke2 {[%clk 0:10:05]} a5
{[%clk 0:03:07]} 33. bxa5 {[%clk 0:08:53]} Nxa5 {[%clk 0:03:15]} 34. Nd2
{[%clk 0:07:47]} Nc4 {[%clk 0:03:33]} 35. Nb1 {[%clk 0:08:07]} Kc6
{[%clk 0:03:18]} 36. Kd3 {[%clk 0:08:25]} Be7 {[%clk 0:02:57]} 37. Kc3
{[%clk 0:05:13]} Bh4 {[%clk 0:02:09]} 38. g3 {[%clk 0:05:29]} Be7
{[%clk 0:02:34]} 39. Kd3 {[%clk 0:04:39]} 1/2-1/2

[Event "V4Liptov2018"]
[Site "?"]
[Date "2018.06.24"]
[Round "3.2"]
[White "Bochnicka, Vladimir"]
[Black "Dylag, Emilia"]
[Result "0-1"]
[BlackElo "1935"]
[WhiteElo "2016"]
[LiveChessVersion "1.4.8"]

1. e4 {[%clk 0:59:02]} c5 {[%clk 1:00:51]} 2. Nf3 {[%clk 0:59:27]} d6
{[%clk 1:01:03]} 3. c3 {[%clk 0:59:36]} Nf6 {[%clk 1:01:19]} 4. Bd3
{[%clk 1:00:01]} Bg4 {[%clk 1:00:04]} 5. Bc2 {[%clk 1:00:00]} Nc6
{[%clk 0:59:44]} 6. d3 {[%clk 1:00:17]} e6 {[%clk 0:59:47]} 7. h3
{[%clk 0:58:03]} Bh5 {[%clk 0:59:40]} 8. O-O {[%clk 0:57:32]} Be7
{[%clk 0:59:30]} 9. Re1 {[%clk 0:57:35]} O-O {[%clk 0:58:25]} 10. Nbd2
{[%clk 0:57:19]} h6 {[%clk 0:55:26]} 11. Nf1 {[%clk 0:54:49]} Rc8
{[%clk 0:52:02]} 12. Ng3 {[%clk 0:54:46]} Bg6 {[%clk 0:52:20]} 13. Be3
{[%clk 0:49:58]} Qd7 {[%clk 0:44:40]} 14. Rc1 {[%clk 0:48:02]} Rfd8
{[%clk 0:41:48]} 15. Qd2 {[%clk 0:46:01]} b5 {[%clk 0:36:07]} 16. a3
{[%clk 0:38:17]} Qb7 {[%clk 0:33:38]} 17. d4 {[%clk 0:29:32]} Na5
{[%clk 0:29:43]} 18. Qe2 {[%clk 0:25:29]} Nh5 {[%clk 0:11:55]} 19. Nxh5
{[%clk 0:21:49]} Bxh5 {[%clk 0:12:20]} 20. g4 {[%clk 0:20:18]} Bg6
{[%clk 0:12:43]} 21. Nd2 {[%clk 0:19:46]} cxd4 {[%clk 0:11:17]} 22. Bxd4
{[%clk 0:14:17]} Bg5 {[%clk 0:08:21]} 23. Be3 {[%clk 0:09:26]} Bxe3
{[%clk 0:07:53]} 24. Qxe3 {[%clk 0:09:54]} Nc4 {[%clk 0:06:07]} 25. Nxc4
{[%clk 0:06:59]} bxc4 {[%clk 0:06:06]} 26. Rb1 {[%clk 0:06:15]} e5
{[%clk 0:02:12]} 27. b3 {[%clk 0:02:30]} Qa6 {[%clk 0:00:56]} 28. b4
{[%clk 0:01:05]} d5 {[%clk 0:00:50]} 29. Red1 {[%clk 0:00:33]} Qxa3
{[%clk 0:00:36]} 30. Ra1 {[%clk 0:00:32]} Qb2 {[%clk 0:01:02]} 31. Ba4
{[%clk 0:00:38]} Bxe4 {[%clk 0:00:48]} 32. f3 {[%clk 0:00:39]} Bd3
{[%clk 0:00:21]} 33. Qxe5 {[%clk 0:00:33]} Qe2 {[%clk 0:00:32]} 34. Qxe2
{[%clk 0:00:48]} Bxe2 {[%clk 0:00:59]} 35. Rd4 {[%clk 0:00:47]} Bxf3
{[%clk 0:01:22]} 36. Bd1 {[%clk 0:01:04]} Be4 {[%clk 0:01:24]} 37. Rxa7
{[%clk 0:01:05]} Ra8 {[%clk 0:01:45]} 38. Rc7 {[%clk 0:00:32]} Ra1
{[%clk 0:01:15]} 39. Kf2 {[%clk 0:00:32]} Rda8 {[%clk 0:00:58]} 40. b5
{[%clk 0:00:33]} R8a2+ {[%clk 0:01:12]} 41. Ke3 {[%clk 0:00:36]} g5
{[%clk 0:01:22]} 42. Rd2 {[%clk 0:00:39]} Rxd2 {[%clk 0:00:47]} 43. Kxd2
{[%clk 0:01:07]} Rb1 {[%clk 0:00:59]} 44. Rc5 {[%clk 0:01:11]} Kf8
{[%clk 0:00:42]} 45. Be2 {[%clk 0:00:31]} Ke7 {[%clk 0:00:50]} 46. Ke3
{[%clk 0:00:39]} Re1 {[%clk 0:00:42]} 47. Kd2 {[%clk 0:00:59]} Rb1
{[%clk 0:00:52]} 48. Bxc4 {[%clk 0:00:42]} dxc4 {[%clk 0:01:12]} 49. Re5+
{[%clk 0:01:07]} Kd6 {[%clk 0:01:25]} 50. Rxe4 {[%clk 0:01:36]} Rxb5
{[%clk 0:01:17]} 51. Rxc4 {[%clk 0:01:55]} Rb2+ {[%clk 0:01:44]} 52. Ke3
{[%clk 0:01:27]} Rh2 {[%clk 0:02:10]} 53. Ke4 {[%clk 0:01:42]} Rxh3
{[%clk 0:02:27]} 54. Ra4 {[%clk 0:01:42]} Rxc3 {[%clk 0:02:40]} 55. Ra6+
{[%clk 0:00:56]} Rc6 {[%clk 0:02:58]} 56. Ra8 {[%clk 0:00:42]} Rc4+
{[%clk 0:03:13]} 57. Kf3 {[%clk 0:01:08]} Ke5 {[%clk 0:03:26]} 58. Ra5+
{[%clk 0:00:58]} Kf6 {[%clk 0:03:43]} 59. Ra6+ {[%clk 0:00:58]} Kg7
{[%clk 0:04:08]} 60. Rb6 {[%clk 0:01:03]} Rc3+ {[%clk 0:04:05]} 61. Kf2
{[%clk 0:00:45]} h5 {[%clk 0:02:38]} 62. gxh5 {[%clk 0:00:41]} Rh3
{[%clk 0:03:03]} 63. Rb5 {[%clk 0:00:35]} Rxh5 {[%clk 0:03:27]} 64. Kg3
{[%clk 0:00:59]} f6 {[%clk 0:03:32]} 65. Rb6 {[%clk 0:00:40]} Kg6
{[%clk 0:03:26]} 66. Rb5 {[%clk 0:00:45]} Rh4 {[%clk 0:03:27]} 67. Ra5
{[%clk 0:01:07]} Rb4 {[%clk 0:03:39]} 68. Kf3 {[%clk 0:01:09]} f5
{[%clk 0:03:42]} 69. Ra6+ {[%clk 0:01:16]} Kh5 {[%clk 0:04:00]} 70. Rf6
{[%clk 0:01:40]} Rb3+ {[%clk 0:04:19]} 71. Kg2 {[%clk 0:01:56]} Kg4
{[%clk 0:04:45]} 72. Rf8 {[%clk 0:02:16]} Rb2+ {[%clk 0:05:09]} 73. Kf1
{[%clk 0:02:36]} f4 {[%clk 0:05:32]} 74. Rg8 {[%clk 0:02:53]} Kf3
{[%clk 0:05:55]} 75. Kg1 {[%clk 0:03:13]} g4 {[%clk 0:06:19]} 76. Ra8
{[%clk 0:03:27]} Rb1+ {[%clk 0:06:44]} 77. Kh2 {[%clk 0:03:52]} g3+
{[%clk 0:07:11]} 0-1

[Event "V4Liptov2018"]
[Site "?"]
[Date "2018.06.24"]
[Round "3.3"]
[White "Wasik, Mateusz"]
[Black "Vozarova, Adriana"]
[Result "0-1"]
[BlackElo "1773"]
[WhiteElo "1652"]
[LiveChessVersion "1.4.8"]

1. e4 {[%clk 1:00:45]} c5 {[%clk 1:00:52]} 2. Nf3 {[%clk 1:01:10]} Nc6
{[%clk 1:01:10]} 3. d4 {[%clk 1:01:35]} cxd4 {[%clk 1:01:30]} 4. Nxd4
{[%clk 1:01:59]} g6 {[%clk 1:01:51]} 5. Nc3 {[%clk 1:02:15]} Bg7 {[%clk 1:02:09]}
6. Be3 {[%clk 1:02:19]} Nf6 {[%clk 1:02:23]} 7. Bc4 {[%clk 1:02:42]} Qa5
{[%clk 1:02:35]} 8. O-O {[%clk 1:02:34]} O-O {[%clk 1:01:51]} 9. Qd2
{[%clk 1:02:25]} Nxd4 {[%clk 0:48:33]} 10. Qxd4 {[%clk 1:00:55]} Ng4
{[%clk 0:42:38]} 11. Qd2 {[%clk 0:58:43]} Nxe3 {[%clk 0:40:17]} 12. Qxe3
{[%clk 0:59:00]} e6 {[%clk 0:36:56]} 13. f4 {[%clk 0:57:45]} Qb4 {[%clk 0:34:55]}
14. Bb3 {[%clk 0:57:55]} Bd4 {[%clk 0:34:56]} 15. Rae1 {[%clk 0:56:53]} Bxe3+
{[%clk 0:34:44]} 16. Rxe3 {[%clk 0:57:21]} Qc5 {[%clk 0:33:33]} 17. Rfe1
{[%clk 0:57:44]} b5 {[%clk 0:32:49]} 18. Kh1 {[%clk 0:58:01]} a5 {[%clk 0:32:19]}
19. a4 {[%clk 0:58:23]} Ba6 {[%clk 0:29:55]} 20. e5 {[%clk 0:58:18]} bxa4
{[%clk 0:28:14]} 21. Bxa4 {[%clk 0:57:35]} Rab8 {[%clk 0:26:37]} 22. Ne4
{[%clk 0:57:43]} Qb4 {[%clk 0:24:32]} 23. Nf6+ {[%clk 0:58:05]} Kg7
{[%clk 0:23:52]} 24. Bxd7 {[%clk 0:57:11]} Qxb2 {[%clk 0:18:57]} 25. Rh3
{[%clk 0:57:35]} Rh8 {[%clk 0:18:06]} 26. Rd1 {[%clk 0:53:13]} Qxc2
{[%clk 0:17:14]} 0-1

[Event "V4Liptov2018"]
[Site "?"]
[Date "2018.06.24"]
[Round "3.4"]
[White "Valigursky, Michal"]
[Black "Jozefczyk, Szymon"]
[Result "1/2-1/2"]
[BlackElo "1643"]
[WhiteElo "1623"]
[LiveChessVersion "1.4.8"]

1. e4 {[%clk 1:00:59]} c5 {[%clk 1:00:43]} 2. Nf3 {[%clk 1:01:19]} d6
{[%clk 1:00:39]} 3. d4 {[%clk 1:01:40]} cxd4 {[%clk 1:00:48]} 4. Nxd4
{[%clk 1:01:59]} Nf6 {[%clk 1:00:46]} 5. f3 {[%clk 1:02:17]} a6 {[%clk 0:56:59]}
6. c4 {[%clk 1:02:15]} e6 {[%clk 0:54:39]} 7. Nc3 {[%clk 1:00:16]} Be7
{[%clk 0:52:12]} 8. Be2 {[%clk 0:58:23]} O-O {[%clk 0:46:42]} 9. O-O
{[%clk 0:58:01]} b6 {[%clk 0:46:05]} 10. Be3 {[%clk 0:57:21]} Qc7
{[%clk 0:41:53]} 11. Qd2 {[%clk 0:53:08]} Bb7 {[%clk 0:39:07]} 12. Rac1
{[%clk 0:47:25]} Nbd7 {[%clk 0:37:24]} 13. b3 {[%clk 0:45:53]} Rfd8
{[%clk 0:34:45]} 14. g4 {[%clk 0:37:09]} Nf8 {[%clk 0:27:34]} 15. g5
{[%clk 0:31:30]} N6d7 {[%clk 0:27:49]} 16. f4 {[%clk 0:18:12]} Rac8
{[%clk 0:23:11]} 17. f5 {[%clk 0:15:12]} Qb8 {[%clk 0:20:45]} 18. Bg4
{[%clk 0:11:38]} d5 {[%clk 0:14:23]} 19. fxe6 {[%clk 0:11:48]} fxe6
{[%clk 0:14:23]} 20. Nxe6 {[%clk 0:11:27]} Ne5 {[%clk 0:12:26]} 21. Nxd8
{[%clk 0:09:49]} Rxd8 {[%clk 0:11:30]} 22. Bxb6 {[%clk 0:06:59]} dxe4
{[%clk 0:10:44]} 23. Qf4 {[%clk 0:02:14]} Nfg6 {[%clk 0:07:08]} 1/2-1/2

[Event "V4Liptov2018"]
[Site "?"]
[Date "2018.06.24"]
[Round "3.5"]
[White "Ptacek, Jan"]
[Black "Demko, Robert"]
[Result "1-0"]
[BlackElo "1806"]
[WhiteElo "1847"]
[LiveChessVersion "1.4.8"]

1. e4 {[%clk 1:00:48]} c5 {[%clk 0:59:11]} 2. Nf3 {[%clk 1:01:09]} d6
{[%clk 0:59:13]} 3. d4 {[%clk 1:01:33]} cxd4 {[%clk 0:59:34]} 4. Nxd4
{[%clk 1:02:01]} Nf6 {[%clk 0:59:59]} 5. Nc3 {[%clk 1:02:21]} a6 {[%clk 1:00:02]}
6. Bc4 {[%clk 1:02:41]} e6 {[%clk 0:58:57]} 7. O-O {[%clk 1:02:48]} Nbd7
{[%clk 0:59:25]} 8. Bg5 {[%clk 1:02:25]} b5 {[%clk 0:57:54]} 9. Bb3
{[%clk 1:02:45]} Nc5 {[%clk 0:58:17]} 10. Re1 {[%clk 0:54:28]} Bb7
{[%clk 0:57:51]} 11. Bd5 {[%clk 0:52:18]} exd5 {[%clk 0:49:58]} 12. exd5+
{[%clk 0:52:13]} Kd7 {[%clk 0:49:48]} 13. b4 {[%clk 0:51:48]} Na4
{[%clk 0:41:50]} 14. Nxa4 {[%clk 0:48:20]} bxa4 {[%clk 0:42:18]} 15. c4
{[%clk 0:48:32]} Qb6 {[%clk 0:35:27]} 16. Qxa4+ {[%clk 0:46:46]} Kc7
{[%clk 0:35:51]} 17. Be3 {[%clk 0:46:40]} Kb8 {[%clk 0:24:29]} 18. Ne6
{[%clk 0:46:25]} Qxe3 {[%clk 0:24:48]} 19. Rxe3 {[%clk 0:46:35]} fxe6
{[%clk 0:25:09]} 20. Rxe6 {[%clk 0:46:14]} Bc8 {[%clk 0:22:40]} 21. Re3
{[%clk 0:45:37]} Bd7 {[%clk 0:22:45]} 22. Qa5 {[%clk 0:44:53]} Kb7
{[%clk 0:21:32]} 23. Rd1 {[%clk 0:43:56]} Ng4 {[%clk 0:19:45]} 24. Rc3
{[%clk 0:42:33]} Be7 {[%clk 0:13:28]} 25. c5 {[%clk 0:40:45]} Bd8
{[%clk 0:13:07]} 26. c6+ {[%clk 0:40:06]} Ka7 {[%clk 0:13:25]} 27. Qa3
{[%clk 0:40:00]} Bc8 {[%clk 0:12:47]} 28. h3 {[%clk 0:39:00]} Ne5
{[%clk 0:12:53]} 29. c7 {[%clk 0:35:43]} Bf6 {[%clk 0:12:49]} 30. b5
{[%clk 0:33:37]} Be7 {[%clk 0:09:32]} 31. f4 {[%clk 0:32:07]} Nd7
{[%clk 0:09:21]} 32. Rc6 {[%clk 0:30:17]} Nc5 {[%clk 0:09:01]} 33. Qa5
{[%clk 0:30:15]} Rb8 {[%clk 0:07:35]} 34. cxb8=Q+ {[%clk 0:30:29]} Kxb8
{[%clk 0:08:02]} 35. Qc7+ {[%clk 0:30:25]} Ka8 {[%clk 0:08:12]} 36. Qxe7
{[%clk 0:30:35]} axb5 {[%clk 0:07:59]} 37. Rxc5 {[%clk 0:30:42]} 1-0

[Event "V4Liptov2018"]
[Site "?"]
[Date "2018.06.24"]
[Round "3.6"]
[White "Ochmyt, Jakub"]
[Black "Volaninova, Sarka"]
[Result "1-0"]
[BlackElo "1680"]
[WhiteElo "1787"]
[LiveChessVersion "1.4.8"]

1. d4 {[%clk 1:00:52]} Nf6 {[%clk 1:00:54]} 2. Nf3 {[%clk 1:00:58]} e6
{[%clk 1:00:40]} 3. Bg5 {[%clk 1:01:00]} Be7 {[%clk 1:00:45]} 4. Nbd2
{[%clk 1:00:58]} d5 {[%clk 1:00:23]} 5. e3 {[%clk 1:00:03]} O-O {[%clk 0:59:50]}
6. Bd3 {[%clk 0:59:27]} h6 {[%clk 0:59:32]} 7. Bh4 {[%clk 0:59:32]} Nbd7
{[%clk 0:58:22]} 8. O-O {[%clk 0:58:13]} b6 {[%clk 0:56:09]} 9. c4
{[%clk 0:52:03]} Bb7 {[%clk 0:55:31]} 10. cxd5 {[%clk 0:51:02]} Nxd5
{[%clk 0:54:42]} 11. Bg3 {[%clk 0:50:19]} c5 {[%clk 0:49:03]} 12. a3
{[%clk 0:46:39]} cxd4 {[%clk 0:47:25]} 13. exd4 {[%clk 0:44:48]} N7f6
{[%clk 0:46:21]} 14. Rc1 {[%clk 0:41:24]} Rc8 {[%clk 0:38:05]} 15. Qa4
{[%clk 0:38:50]} Rxc1 {[%clk 0:34:23]} 16. Rxc1 {[%clk 0:39:01]} Qa8
{[%clk 0:34:11]} 17. Ba6 {[%clk 0:35:54]} Rc8 {[%clk 0:32:14]} 18. Rxc8+
{[%clk 0:32:28]} Qxc8 {[%clk 0:31:42]} 19. Bxb7 {[%clk 0:32:21]} Qxb7
{[%clk 0:32:05]} 20. Qc4 {[%clk 0:30:59]} a6 {[%clk 0:30:13]} 21. Ne5
{[%clk 0:29:36]} Nd7 {[%clk 0:26:01]} 22. Nxd7 {[%clk 0:27:07]} b5
{[%clk 0:25:49]} 23. Nc5 {[%clk 0:26:22]} 1-0

[Event "V4Liptov2018"]
[Site "?"]
[Date "2018.06.24"]
[Round "3.7"]
[White "Cipl, Jan"]
[Black "Fizer, Marek"]
[Result "0-1"]
[BlackElo "1624"]
[WhiteElo "1481"]
[LiveChessVersion "1.4.8"]

1. e4 {[%clk 1:00:50]} c5 {[%clk 1:00:53]} 2. Nf3 {[%clk 1:01:04]} d6
{[%clk 1:01:00]} 3. d4 {[%clk 1:00:56]} cxd4 {[%clk 1:01:23]} 4. Nxd4
{[%clk 1:01:14]} Nf6 {[%clk 1:01:14]} 5. Nc3 {[%clk 1:00:49]} Nc6
{[%clk 1:01:25]} 6. f3 {[%clk 0:57:55]} e5 {[%clk 1:00:58]} 7. Ndb5
{[%clk 0:54:55]} Be6 {[%clk 0:59:27]} 8. Bg5 {[%clk 0:54:40]} a6 {[%clk 0:54:52]}
9. Bxf6 {[%clk 0:49:58]} gxf6 {[%clk 0:53:48]} 10. Na3 {[%clk 0:50:09]} Rc8
{[%clk 0:53:42]} 11. Nc4 {[%clk 0:45:05]} Nd4 {[%clk 0:48:19]} 12. Ne3
{[%clk 0:43:58]} b5 {[%clk 0:47:32]} 13. Bd3 {[%clk 0:43:27]} Rg8
{[%clk 0:43:17]} 14. O-O {[%clk 0:38:01]} Bh6 {[%clk 0:42:43]} 15. Ncd5
{[%clk 0:37:17]} Bxe3+ {[%clk 0:41:22]} 16. Nxe3 {[%clk 0:37:35]} Qb6
{[%clk 0:41:40]} 17. Kh1 {[%clk 0:36:59]} h5 {[%clk 0:33:48]} 18. Nd5
{[%clk 0:35:39]} Qd8 {[%clk 0:23:23]} 19. f4 {[%clk 0:33:08]} Bg4
{[%clk 0:13:33]} 20. Qd2 {[%clk 0:30:05]} f5 {[%clk 0:11:11]} 21. fxe5
{[%clk 0:27:57]} dxe5 {[%clk 0:10:31]} 22. h3 {[%clk 0:27:34]} Be2
{[%clk 0:10:49]} 23. Bxe2 {[%clk 0:22:09]} Rxc2 {[%clk 0:11:09]} 24. Qh6
{[%clk 0:21:23]} Rxe2 {[%clk 0:07:23]} 25. Nf6+ {[%clk 0:20:24]} Ke7
{[%clk 0:07:44]} 26. Nxg8+ {[%clk 0:15:17]} Qxg8 {[%clk 0:08:04]} 27. g4
{[%clk 0:15:32]} hxg4 {[%clk 0:07:52]} 28. exf5 {[%clk 0:15:10]} Qa8+
{[%clk 0:08:11]} 0-1

[Event "V4Liptov2018"]
[Site "?"]
[Date "2018.06.24"]
[Round "3.8"]
[White "Fizerova, Lucie"]
[Black "Cizek, Jan"]
[Result "1-0"]
[BlackElo "1400"]
[WhiteElo "1598"]
[LiveChessVersion "1.4.8"]

1. e4 {[%clk 1:00:59]} e5 {[%clk 1:00:51]} 2. Nf3 {[%clk 1:01:24]} Nc6
{[%clk 1:00:45]} 3. Bb5 {[%clk 1:01:43]} a6 {[%clk 1:00:09]} 4. Ba4
{[%clk 1:02:03]} Nf6 {[%clk 1:00:08]} 5. d3 {[%clk 1:02:23]} b5 {[%clk 0:59:18]}
6. Bb3 {[%clk 1:02:45]} Be7 {[%clk 0:59:38]} 7. O-O {[%clk 1:02:52]} O-O
{[%clk 0:59:21]} 8. c3 {[%clk 1:03:12]} d6 {[%clk 0:57:38]} 9. h3
{[%clk 1:03:14]} Na5 {[%clk 0:57:31]} 10. Bc2 {[%clk 1:03:37]} c5
{[%clk 0:57:50]} 11. Nbd2 {[%clk 1:03:37]} Nc6 {[%clk 0:57:46]} 12. Re1
{[%clk 1:03:57]} Re8 {[%clk 0:53:54]} 13. Nf1 {[%clk 1:04:07]} h6
{[%clk 0:53:53]} 14. Ng3 {[%clk 1:04:24]} Qc7 {[%clk 0:48:39]} 15. Bb3
{[%clk 0:58:50]} Na5 {[%clk 0:42:19]} 16. Bc2 {[%clk 0:58:54]} Nc6
{[%clk 0:42:41]} 17. a4 {[%clk 0:56:33]} b4 {[%clk 0:42:14]} 18. Bb3
{[%clk 0:54:58]} Be6 {[%clk 0:39:53]} 19. Bc2 {[%clk 0:51:08]} a5
{[%clk 0:37:53]} 20. Nh4 {[%clk 0:50:38]} Nxe4 {[%clk 0:34:43]} 21. Rxe4
{[%clk 0:51:00]} d5 {[%clk 0:34:57]} 22. Rg4 {[%clk 0:50:51]} Bxg4
{[%clk 0:35:15]} 23. Qxg4 {[%clk 0:51:17]} Bxh4 {[%clk 0:34:33]} 24. Qxh4
{[%clk 0:51:42]} Re6 {[%clk 0:33:24]} 25. Nf5 {[%clk 0:50:42]} Rae8
{[%clk 0:31:29]} 26. Bd2 {[%clk 0:48:06]} Qd8 {[%clk 0:25:12]} 27. Bb3
{[%clk 0:46:21]} Rf6 {[%clk 0:23:42]} 28. Ne3 {[%clk 0:45:11]} d4
{[%clk 0:21:46]} 29. Nd5 {[%clk 0:44:32]} Rd6 {[%clk 0:21:47]} 30. Qxd8
{[%clk 0:43:59]} Rexd8 {[%clk 0:21:58]} 31. c4 {[%clk 0:44:22]} Re8
{[%clk 0:21:08]} 32. Re1 {[%clk 0:43:45]} f6 {[%clk 0:21:26]} 33. Bd1
{[%clk 0:39:45]} Kf7 {[%clk 0:19:58]} 34. b3 {[%clk 0:39:38]} Ne7
{[%clk 0:20:19]} 35. Bf3 {[%clk 0:39:43]} Nxd5 {[%clk 0:18:48]} 36. Bxd5+
{[%clk 0:40:07]} Kf8 {[%clk 0:18:22]} 37. h4 {[%clk 0:39:40]} Re7
{[%clk 0:18:16]} 38. g4 {[%clk 0:39:58]} g5 {[%clk 0:17:05]} 39. Kg2
{[%clk 0:39:20]} Rdd7 {[%clk 0:16:00]} 40. Rh1 {[%clk 0:39:03]} Kg7
{[%clk 0:16:17]} 41. Rh3 {[%clk 0:34:58]} Ra7 {[%clk 0:15:36]} 42. Kf3
{[%clk 0:34:18]} Kg6 {[%clk 0:15:30]} 43. Be4+ {[%clk 0:33:52]} Kg7
{[%clk 0:15:53]} 44. Kg2 {[%clk 0:32:14]} Rac7 {[%clk 0:15:58]} 45. Bd5
{[%clk 0:32:26]} Kg6 {[%clk 0:16:13]} 46. hxg5 {[%clk 0:32:36]} fxg5
{[%clk 0:16:28]} 47. Rf3 {[%clk 0:32:19]} Rc8 {[%clk 0:16:32]} 48. Rf5
{[%clk 0:32:16]} Rb8 {[%clk 0:16:31]} 49. Kf3 {[%clk 0:32:19]} Rh8
{[%clk 0:16:32]} 50. Ke4 {[%clk 0:31:48]} Rhe8 {[%clk 0:16:55]} 51. f3
{[%clk 0:31:18]} Kg7 {[%clk 0:17:13]} 52. Be1 {[%clk 0:31:31]} Rf8
{[%clk 0:17:05]} 53. Bg3 {[%clk 0:31:03]} Ree8 {[%clk 0:14:29]} 54. Bxe5+
{[%clk 0:30:28]} Kg6 {[%clk 0:14:46]} 55. Rxf8 {[%clk 0:30:48]} Rxf8
{[%clk 0:15:09]} 56. Be6 {[%clk 0:30:49]} h5 {[%clk 0:15:05]} 57. gxh5+ Kxh5 58.
Bg4+ {[%clk 0:30:56]} Kh4 {[%clk 0:15:12]} 59. Bf5 {[%clk 0:27:02]} Rd8
{[%clk 0:15:17]} 60. Bc7 {[%clk 0:24:10]} Re8+ {[%clk 0:15:32]} 61. Kd5
{[%clk 0:24:13]} Re1 {[%clk 0:15:18]} 62. Kxc5 {[%clk 0:24:31]} Rb1
{[%clk 0:15:42]} 63. Bxa5 {[%clk 0:24:35]} Kg3 {[%clk 0:16:00]} 64. Be4
{[%clk 0:24:54]} Re1 {[%clk 0:16:11]} 65. Kxd4 {[%clk 0:25:00]} Kf4
{[%clk 0:16:33]} 66. Bc7# 1-0

[Event "V4Liptov2018"]
[Site "?"]
[Date "2018.06.24"]
[Round "3.9"]
[White "Durica, Adam"]
[Black "Kuchar, Matej"]
[Result "1/2-1/2"]
[BlackElo "2174"]
[WhiteElo "1950"]
[LiveChessVersion "1.4.8"]

1. c4 {[%clk 1:00:56]} c5 {[%clk 1:00:49]} 2. g3 {[%clk 1:01:17]} g6
{[%clk 1:01:15]} 3. Bg2 {[%clk 1:01:37]} Bg7 {[%clk 1:01:40]} 4. Nc3
{[%clk 1:01:55]} Nc6 {[%clk 1:02:05]} 5. e4 {[%clk 1:02:09]} e6 {[%clk 1:02:16]}
6. Nge2 {[%clk 1:02:14]} Nge7 {[%clk 1:02:37]} 7. O-O {[%clk 1:02:20]} O-O
{[%clk 1:02:59]} 8. d3 {[%clk 1:02:03]} d6 {[%clk 1:01:53]} 9. Be3
{[%clk 1:01:33]} Nd4 {[%clk 1:02:10]} 10. Qd2 {[%clk 0:59:09]} Nec6
{[%clk 0:55:09]} 11. Bh6 {[%clk 0:56:38]} Rb8 {[%clk 0:54:59]} 12. Bxg7
{[%clk 0:54:43]} Kxg7 {[%clk 0:55:27]} 13. Nxd4 {[%clk 0:53:43]} Nxd4
{[%clk 0:52:49]} 14. Ne2 {[%clk 0:52:48]} Bd7 {[%clk 0:51:23]} 15. Nxd4
{[%clk 0:50:33]} cxd4 {[%clk 0:51:52]} 16. a4 {[%clk 0:50:48]} b6
{[%clk 0:48:58]} 17. f4 {[%clk 0:49:39]} Qc7 {[%clk 0:46:40]} 18. Qf2
{[%clk 0:45:23]} e5 {[%clk 0:41:16]} 1/2-1/2